00420nam a2200181Ia 4500008004100000020001800041050001600059100001800075245003000093245002100123260001500144260001600159260000900175300001600184300002000200300001000220500000800230170918s9999 xx 000 0 und d a9780545837637 bS425wh 2015 aScott, Kieran aWhat waits in the woods / cby Kieran Scott. aNew York : bScholastic, c2015 a270 pages : billustrations : c20cm. a680